|
|
|
|
| LEADER |
00941nab a2200241 i 4500 |
| 001 |
misc67959 |
| 005 |
20240513150438.0 |
| 008 |
240207s2000 hu o 000 ger d |
| 040 |
|
|
|a SZTE Miscellanea Repozitórium
|b hun
|
| 041 |
|
|
|a ger
|
| 100 |
1 |
|
|a Adam Volker
|
| 245 |
1 |
0 |
|a Auf der Suche nach Turan
|h [elektronikus dokumentum] :
|b Panislamismus und Panturkismus in der aserbaidschanischen Vorkriegspresse /
|c Adam Volker
|
| 260 |
|
|
|a Reichert
|b Wiesbaden
|c 2000
|
| 300 |
|
|
|a 189-205
|c 25 cm
|
| 300 |
|
|
|a [17] p.
|c 25 cm
|
| 490 |
0 |
|
|a Caucasia between the Ottoman empire and Iran, 1555-1914 / hrsg. von Raoul Motika und Michael Ursinus
|
| 561 |
|
|
|a Németh Gyula hagyaték
|
| 591 |
|
|
|a OA 6642
|
| 650 |
|
4 |
|a Bölcsészettudományok
|
| 650 |
|
4 |
|a Történettudomány és régészet
|
| 650 |
|
4 |
|a Nyelvek és irodalom
|
| 695 |
|
|
|a Sajtótörténet - Azerbajdzsán
|
| 856 |
4 |
0 |
|u http://misc.bibl.u-szeged.hu/67959/1/6642_oa.pdf
|z Dokumentum-elérés
|